Countries that Bordered the Tethys Sea - Statistics

General Stats
  • This quiz has been taken 311 times
  • The average score is 18 of 20
Answers on the Map
Answers color-coded by a green-red scale on the quiz's map according to % correct below.
 
Answer Stats
Country % Correct
Russia
99%
Turkey
97%
Bulgaria
95%
Italy
95%
Kazakhstan
95%
Croatia
94%
Georgia
93%
Ukraine
93%
Armenia
92%
Azerbaijan
92%
France
92%
Iran
92%
Iran
92%
Slovenia
92%
Romania
91%
Turkmenistan
91%
Serbia
90%
Austria
88%
Switzerland
87%
Hungary
86%
No matching quizzes found
Score Distribution
Percent of People with Each Score
Percentile by Number Answered
Your Score History
You have not taken this quiz